Statistics for Roman Catholic Dioceses of England With A Map

Click here to take the quiz!

General Stats

  • This quiz has been taken 164 times
  • The average score is 10 of 20

Answers on the Map

Answers color-coded by a green-red scale on the quiz's map according to % correct below.
 

Answer Stats

Answer% Correct
Liverpool
91%
Hexham & Newcastle
81%
Leeds
81%
Birmingham
80%
Nottingham
71%
Plymouth
68%
Westminster
65%
Portsmouth
62%
Arundel & Brighton
58%
Lancaster
54%
Cardiff
50%
Northampton
41%
Middlesbrough
40%
Shrewsbury
39%
Salford
38%
East Anglia
35%
Southwark
23%
Hallam
15%
Brentwood
14%
Clifton
14%

Score Distribution

Percentile by Number Answered

Percent of People with Each Score

Your Score History

You have not taken this quiz